000 00720cam a2200229 a 4500
001 15536027
005 20180313102202.0
008 081126s2009 nju 001 0 eng
010 _a 2008049153
020 _a9781564145000 (pbk.)
020 _a156414500X (pbk.)
040 _aDLC
_cDLC
_dDLC
041 _aeng
080 _a658.85 DAW
082 0 0 _a658.85 DAW
_222
100 1 _a54
101 _aLID
245 1 0 _aSecrets of power negotiating for salespeople :
_cby Roger Dawson.
906 _a7
_bcbc
_corignew
_d1
_eecip
_f20
_gy-gencatlg
942 _2ddc
_cBK
999 _c44931
_d44931